Pojišťovnictví pokračuje v růstu

Výsledky hospodárenia poisťovní Českej asociácie poisťovní (ČAP) v roku 1995. Predpísanie poistné celkom. Životné poistenie. Neživotné poistenie.

Gespeichert in:
Bibliographische Detailangaben
Format: Buchkapitel
Sprache:Tschechisch
Schlagworte:
Tags: Tag hinzufügen
Keine Tags, Fügen Sie das erste Tag hinzu!

MARC

LEADER 00000naa a2200000 4500
001 r022262
005 20230922093005.8
041 0 |a cze 
044 |a CZ 
245 1 0 |a Pojišťovnictví pokračuje v růstu 
520 |a Výsledky hospodárenia poisťovní Českej asociácie poisťovní (ČAP) v roku 1995. Predpísanie poistné celkom. Životné poistenie. Neživotné poistenie. 
610 2 0 |a poisťovníctvo 
610 2 0 |a Česko 
610 2 0 |a poisťovne 
610 2 0 |a združenia 
610 2 0 |a hospodárenie finančné 
610 2 0 |a 1994-1995 
610 2 0 |a poisťovne 
610 2 0 |a trh poistný 
610 2 0 |a poistenie životné 
610 2 0 |a poistenie neživotné